LEADER 00779nam a2200229 i 4500 001 000000195506 003 CaOOAMICUS 005 20140410000000.0 008 140410s1962 it u000 u ita u 013 $a174183 040 $aSeMil$bita 245 13$aLa Chiesa e lo Stato in Spagna. 260 $aMadrid :$bOID,$c1962. 300 $a130 p. ;$c20 cm. 500 $aFondo card. Giovanni Colombo. 650 4$aChiesa - Spagna.$0(OLS)http://semarc/subject/9011 850 $aSeMil 852 $aSeMil$W1$xVenegono$y1$m3GC II 24$j146075$B146075$CSeMilBibl$Z2$F157577 $8B 941 1 $a3 961 $aLascito: Colombo Card. Giovanni 996 $6245$aLa Chiesa e lo Stato in Spagna$9(OLS)http://semarc/title/282098 996 $6260$aMadrid :$bOID$9(OLS)http://semarc/publisher/50761 LEADER 00939nam a2200229 i 4500 001 000000203554 003 CaOOAMICUS 005 20110630000000.0 008 110630s1963 it u000 u ita u 013 $a182267 040 $aSeMil$bita 100 1 $aBaudry, Bernard.$0(OLS)http://semarc/name/73493 245 10$aValori e forze dell'euro-America /$cBernard Baudry. 260 $aRoma :$bArmando,$c1963. 300 $a137 p. ;$c22 cm. 490 0 $aEducazione, economia e vita sociale. Prima Serie ;$v1 650 4$aPolitica internazionale.$0(OLS)http://semarc/subject/13312 830 0$aEducazione, economia e vita sociale. Prima Serie ;$v1.$0(OLS)http://semarc/title/33851 850 $aSeMil 852 $aSeMil$W1$xVenegono$y1$m3U II 200$j154048$B154048$CSeMilBibl$Z2$F164917 $81 996 $6245$aValori e forze dell'euro-America$9(OLS)http://semarc/title/294840 996 $6260$aRoma :$bArmando$9(OLS)http://semarc/publisher/29857